Catálogo
 En Linea

Begegnung mit Deutschland. / (Registro nro. 1172)

Detalles MARC
000 -CABECERA
campo de control de longitud fija 00694cam a22002051 4500
001 - NÚMERO DE CONTROL
campo de control 000001224
005 - FECHA Y HORA DE LA ÚLTIMA TRANSACCIÓN
campo de control 20200929145519.0
008 - DATOS DE LONGITUD FIJA--INFORMACIÓN GENERAL
campo de control de longitud fija 780504s1968 gw a 000 0 ger
040 ## - FUENTE DE LA CATALOGACIÓN
Centro catalogador/agencia de origen DO-SdBNP
Centro/agencia transcriptor DLC
Centro/agencia modificador DLC
050 00 - SIGNATURA TOPOGRÁFICA DE LA BIBLIOTECA DEL CONGRESO
Número de clasificación PF3117
Número de documento/Ítem .B57 1968
082 ## - NÚMERO DE LA CLASIFICACIÓN DECIMAL DEWEY
Número de documento/Ítem B652b
100 1# - ENTRADA PRINCIPAL--NOMBRE DE PERSONA
Nombre de persona Blohm, Kurt,
Títulos y otros términos asociados al nombre school principal.
9 (RLIN) 4170
245 10 - MENCIÓN DE TÍTULO
Título Begegnung mit Deutschland. /
Mención de responsabilidad, etc. [Von] Kurt Blohm [und] Wulf Kopke.
250 ## - MENCIÓN DE EDICIÓN
Mención de edición (2., veranderte Aufl.)
260 ## - PUBLICACIÓN, DISTRIBUCIÓN, ETC.
Lugar de publicación, distribución, etc. Munchen, :
Nombre del editor, distribuidor, etc. Hueber,
Fecha de publicación, distribución, etc. (1968).
300 ## - DESCRIPCIÓN FÍSICA
Extensión 159 p., :
Otras características físicas il. ;
Dimensiones 21 cm.
440 #0 - MENCIÓN DE SERIE/PUNTO DE ACCESO ADICIONAL--TÍTULO
Título Deutsche Reihe fur Auslander. Reihe A: Lesestoffe zum Sprachunterricht
9 (RLIN) 4171
650 #0 - PUNTO DE ACCESO ADICIONAL DE MATERIA--TÉRMINO DE MATERIA
Término de materia o nombre geográfico como elemento de entrada German language
Subdivisión general Readers.
9 (RLIN) 4172
910 ## - DATOS DE OPCIÓN DEL USUARIO (OCLC)
Datos de opción del usuario Catalogación por copia / LC
Existencias
Estado de retiro Estado de pérdida Restricciones de uso No para préstamo Código de colección Localización permanente Ubicación/localización actual Ubicación en estantería Fecha de adquisición Número de inventario Total de préstamos Signatura topográfica completa Código de barras Fecha visto por última vez Precio válido a partir de Tipo de ítem Koha
    Préstamo interno Préstamo en sala Dominicana de Servicio Biblioteca Nacional Pedro Henríquez Ureña Biblioteca Nacional Pedro Henríquez Ureña Depósito 22.09.2009 LF1   B652b 1224-10 25.06.2020 25.06.2020 Libros y folletos

Con tecnología Koha